[Event "U14 Polish Youth Championship"]
[Site "chess24.com"]
[Date "2018.04.29"]
[Round "1"]
[White "Michalski, Adrian"]
[Black "Wolaniecki, Patryk"]
[Result "0-1"]
[Board "24"]
[WhiteElo "1355"]
[WhiteCountry "POL"]
[WhiteFideId "21836140"]
[WhiteEloChange "-2"]
[BlackElo "1762"]
[BlackCountry "POL"]
[BlackFideId "1193783"]
[BlackEloChange "2"]

1. d4 {[%clk 1:30:57]} Nf6 {[%clk 1:30:59]} 2. c4 {[%clk 1:31:18]} e6 {[%clk
1:31:26]} 3. Nc3 {[%clk 1:31:44]} Bb4 {[%clk 1:31:53]} 4. Bg5 {[%clk 1:32:09]} c5
{[%clk 1:32:15]} 5. d5 {[%clk 1:32:35]} exd5 {[%clk 1:32:20]} 6. cxd5 {[%clk
1:32:41]} O-O {[%clk 1:32:17]} 7. Nf3 {[%clk 1:32:56]} d6 {[%clk 1:32:24]} 8. h3
{[%clk 1:32:17]} Bf5 {[%clk 1:32:48]} 9. e3 {[%clk 1:32:20]} Nbd7 {[%clk
1:33:03]} 10. a3 {[%clk 1:26:14]} Ba5 {[%clk 1:33:21]} 11. Nd2 {[%clk 1:24:30]}
a6 {[%clk 1:31:41]} 12. Be2 {[%clk 1:19:27]} Qb8 {[%clk 1:24:49]} 13. O-O {[%clk
1:16:42]} Bd8 {[%clk 1:25:07]} 14. Bf4 {[%clk 1:16:25]} b5 {[%clk 1:24:27]} 15.
e4 {[%clk 1:12:56]} Bg6 {[%clk 1:24:43]} 16. Bf3 {[%clk 1:12:44]} Re8 {[%clk
1:24:56]} 17. Re1 {[%clk 1:12:42]} Ne5 {[%clk 1:25:17]} 18. Nb3 {[%clk 1:11:57]}
Nfd7 {[%clk 1:24:55]} 19. Bh2 {[%clk 1:10:18]} Bb6 {[%clk 1:14:18]} 20. Be2
{[%clk 1:09:09]} c4 {[%clk 1:13:10]} 21. Nd4 {[%clk 1:09:11]} Qa7 {[%clk
1:12:30]} 22. Nc6 {[%clk 1:06:31]} Nxc6 {[%clk 1:12:31]} 23. dxc6 {[%clk
1:06:56]} Bxf2+ {[%clk 1:12:58]} 24. Kh1 {[%clk 1:07:18]} Nf6 {[%clk 1:10:42]}
25. Bg1 {[%clk 1:07:08]} Nxe4 {[%clk 1:09:09]} 26. Nxe4 {[%clk 1:07:25]} Bxe4
{[%clk 1:09:37]} 27. Bf3 {[%clk 1:07:15]} Bxf3 {[%clk 1:06:33]} 28. Qxf3 {[%clk
1:06:58]} Bxg1 {[%clk 1:06:45]} 29. Rxg1 {[%clk 1:07:16]} Qe3 {[%clk 0:57:56]}
30. Qd5 {[%clk 1:06:34]} Qe5 {[%clk 0:55:11]} 31. Qf3 {[%clk 1:06:34]} Qe4 {[%clk
0:49:49]} 32. Qxe4 {[%clk 1:04:24]} Rxe4 {[%clk 0:49:44]} 33. Rad1 {[%clk
1:04:41]} Re6 {[%clk 0:49:29]} 34. Rge1 {[%clk 1:05:06]} Rxe1+ {[%clk 0:49:48]}
35. Rxe1 {[%clk 1:05:30]} Kf8 {[%clk 0:50:17]} 36. a4 {[%clk 1:05:39]} Rc8 {[%clk
0:50:29]} 37. axb5 {[%clk 1:05:54]} axb5 {[%clk 0:50:57]} 38. Rd1 {[%clk
1:06:12]} Rxc6 {[%clk 0:51:15]} 39. Rd5 {[%clk 1:06:37]} Rb6 {[%clk 0:51:30]} 40.
Kg1 {[%clk 1:06:54]} Ke7 {[%clk 0:51:43]} 41. Kf2 {[%clk 1:07:18]} Ke6 {[%clk
0:52:05]} 42. Rh5 {[%clk 1:07:44]} h6 {[%clk 0:52:19]} 43. Rh4 {[%clk 1:08:09]}
d5 {[%clk 0:52:32]} 44. Ke3 {[%clk 1:08:33]} Kd6 {[%clk 0:52:27]} 45. Kd4 {[%clk
1:08:56]} Rb7 {[%clk 0:52:32]} 46. Rf4 {[%clk 1:09:10]} Re7 {[%clk 0:52:44]} 47.
Rf3 {[%clk 1:09:28]} b4 {[%clk 0:52:36]} 48. Re3 {[%clk 1:09:36]} Rxe3 {[%clk
0:52:57]} 49. Kxe3 {[%clk 1:10:03]} Ke5 {[%clk 0:53:23]} 50. Ke2 {[%clk 1:10:28]}
Ke4 {[%clk 0:53:45]} 51. Kd1 {[%clk 1:10:51]} Kd3 {[%clk 0:54:05]} 52. b3 {[%clk
1:11:16]} c3 {[%clk 0:54:25]} 53. h4 {[%clk 1:11:39]} c2+ {[%clk 0:54:49]} 54.
Kc1 {[%clk 1:12:06]} Kc3 {[%clk 0:55:14]} 55. g4 {[%clk 1:12:32]} d4 {[%clk
0:55:32]} 56. g5 {[%clk 1:12:55]} d3 {[%clk 0:55:58]} 57. g6 {[%clk 1:13:20]} d2#
{[%clk 0:56:22]} 0-1

[Event "U14 Polish Youth Championship"]
[Site "chess24.com"]
[Date "2018.04.29"]
[Round "1"]
[White "Kania, Dominik"]
[Black "Wojtasik, Szymon"]
[Result "1-0"]
[Board "25"]
[WhiteElo "1758"]
[WhiteCountry "POL"]
[WhiteFideId "21845204"]
[WhiteEloChange "2"]
[BlackElo "1329"]
[BlackCountry "POL"]
[BlackFideId "21813990"]
[BlackEloChange "-2"]

1. d4 {[%clk 1:30:56]} d5 {[%clk 1:30:54]} 2. Bf4 {[%clk 1:31:19]} Nf6 {[%clk
1:30:58]} 3. e3 {[%clk 1:31:39]} Bf5 {[%clk 1:31:00]} 4. c4 {[%clk 1:31:49]} c6
{[%clk 1:31:02]} 5. Qb3 {[%clk 1:32:11]} Qb6 {[%clk 1:31:02]} 6. Nc3 {[%clk
1:32:27]} e6 {[%clk 1:30:09]} 7. c5 {[%clk 1:32:51]} Qxb3 {[%clk 1:29:26]} 8.
axb3 {[%clk 1:32:53]} Nbd7 {[%clk 1:29:16]} 9. b4 {[%clk 1:32:54]} Be7 {[%clk
1:26:14]} 10. h3 {[%clk 1:32:11]} O-O {[%clk 1:25:54]} 11. b5 {[%clk 1:32:33]}
cxb5 {[%clk 1:15:21]} 12. Nxb5 {[%clk 1:29:31]} a6 {[%clk 1:14:36]} 13. Nd6
{[%clk 1:28:04]} Bxd6 {[%clk 1:14:00]} 14. Bxd6 {[%clk 1:28:30]} Rfe8 {[%clk
1:12:08]} 15. Nf3 {[%clk 1:28:36]} Ne4 {[%clk 1:11:39]} 16. Bh2 {[%clk 1:28:51]}
f6 {[%clk 1:10:06]} 17. Nh4 {[%clk 1:23:57]} Bg6 {[%clk 1:08:01]} 18. Nxg6 {[%clk
1:24:11]} hxg6 {[%clk 1:08:23]} 19. f3 {[%clk 1:22:57]} Ng5 {[%clk 1:08:34]} 20.
Bd3 {[%clk 1:22:39]} f5 {[%clk 1:03:49]} 21. h4 {[%clk 1:19:54]} Nf7 {[%clk
1:02:26]} 22. Kd2 {[%clk 1:19:16]} e5 {[%clk 1:01:42]} 23. b4 {[%clk 1:19:01]}
Re6 {[%clk 0:57:28]} 24. b5 {[%clk 1:15:12]} f4 {[%clk 0:56:47]} 25. Rhe1 {[%clk
1:12:30]} fxe3+ {[%clk 0:52:21]} 26. Rxe3 {[%clk 1:12:40]} a5 {[%clk 0:48:53]}
27. Bc2 {[%clk 1:10:22]} Ree8 {[%clk 0:47:32]} 28. b6 {[%clk 0:55:39]} exd4
{[%clk 0:39:58]} 29. Rxe8+ {[%clk 0:56:00]} Rxe8 {[%clk 0:40:26]} 30. Ba4 {[%clk
0:52:47]} Re7 {[%clk 0:34:03]} 31. Bxd7 {[%clk 0:51:47]} Rxd7 {[%clk 0:33:53]}
32. Rxa5 {[%clk 0:52:12]} Nd8 {[%clk 0:33:18]} 33. Ra8 {[%clk 0:46:33]} Kf7
{[%clk 0:32:37]} 34. Rxd8 {[%clk 0:40:13]} Rxd8 {[%clk 0:32:55]} 35. c6 {[%clk
0:40:39]} Ra8 {[%clk 0:26:09]} 36. cxb7 {[%clk 0:40:40]} Ra2+ {[%clk 0:26:33]}
37. Kc1 {[%clk 0:40:18]} Ra1+ {[%clk 0:26:01]} 38. Kb2 {[%clk 0:40:40]} d3 {[%clk
0:26:03]} 39. b8Q {[%clk 0:40:52]} d2 {[%clk 0:26:20]} 40. Qf4+ {[%clk 0:41:18]}
Ke6 {[%clk 0:26:43]} 41. Qxd2 {[%clk 0:41:42]} Ra4 {[%clk 0:26:27]} 42. b7 {[%clk
0:42:05]} g5 {[%clk 0:26:14]} 43. b8Q {[%clk 0:42:05]} 1-0

[Event "U14 Polish Youth Championship"]
[Site "chess24.com"]
[Date "2018.04.29"]
[Round "1"]
[White "Jozefik, Aleksander"]
[Black "Paprocki, Stanislaw"]
[Result "0-1"]
[Board "26"]
[WhiteElo "1266"]
[WhiteCountry "POL"]
[WhiteFideId "21862184"]
[WhiteEloChange "-2"]
[BlackElo "1748"]
[BlackCountry "POL"]
[BlackFideId "21817294"]
[BlackEloChange "2"]

1. e4 {[%clk 1:30:51]} c5 {[%clk 1:30:44]} 2. Nf3 {[%clk 1:29:53]} d6 {[%clk
1:30:37]} 3. Bb5+ {[%clk 1:28:40]} Nd7 {[%clk 1:30:17]} 4. O-O {[%clk 1:27:50]}
a6 {[%clk 1:30:35]} 5. Bxd7+ {[%clk 1:26:03]} Bxd7 {[%clk 1:29:50]} 6. b3 {[%clk
1:22:50]} Nf6 {[%clk 1:27:22]} 7. Re1 {[%clk 1:22:19]} Bg4 {[%clk 1:23:39]} 8.
Bb2 {[%clk 1:20:17]} e6 {[%clk 1:22:43]} 9. c3 {[%clk 1:18:23]} Be7 {[%clk
1:19:08]} 10. d4 {[%clk 1:16:20]} O-O {[%clk 1:15:18]} 11. Nbd2 {[%clk 1:12:50]}
Rc8 {[%clk 1:00:49]} 12. Rc1 {[%clk 1:10:25]} b5 {[%clk 0:46:34]} 13. h3 {[%clk
1:03:02]} Bxf3 {[%clk 0:44:11]} 14. Nxf3 {[%clk 0:58:02]} c4 {[%clk 0:43:49]} 15.
Qe2 {[%clk 0:50:17]} Nh5 {[%clk 0:37:49]} 16. Qe3 {[%clk 0:43:45]} Nf6 {[%clk
0:24:51]} 17. b4 {[%clk 0:36:01]} a5 {[%clk 0:23:55]} 18. a3 {[%clk 0:36:13]} Ra8
{[%clk 0:22:50]} 19. Ra1 {[%clk 0:32:55]} Nd7 {[%clk 0:21:27]} 20. g4 {[%clk
0:31:03]} Nb6 {[%clk 0:21:29]} 21. Qd2 {[%clk 0:28:20]} Na4 {[%clk 0:21:32]} 22.
Qc2 {[%clk 0:23:54]} Rc8 {[%clk 0:17:53]} 23. Rad1 {[%clk 0:24:04]} Kh8 {[%clk
0:18:07]} 24. Bc1 {[%clk 0:22:11]} Qd7 {[%clk 0:13:20]} 25. Bf4 {[%clk 0:20:27]}
Rce8 {[%clk 0:10:07]} 26. e5 {[%clk 0:19:37]} Qc6 {[%clk 0:08:41]} 27. exd6
{[%clk 0:17:10]} Bxd6 {[%clk 0:06:50]} 28. Bxd6 {[%clk 0:17:28]} Qxd6 {[%clk
0:07:12]} 29. Re3 {[%clk 0:16:22]} axb4 {[%clk 0:07:00]} 30. axb4 {[%clk
0:16:34]} Qf4 {[%clk 0:05:32]} 31. Kg2 {[%clk 0:16:20]} Nb6 {[%clk 0:04:26]} 32.
Ne5 {[%clk 0:10:21]} f6 {[%clk 0:03:19]} 33. Nf3 {[%clk 0:10:21]} Nd5 {[%clk
0:03:37]} 34. Re4 {[%clk 0:09:58]} Qh6 {[%clk 0:03:52]} 35. Qc1 {[%clk 0:08:44]}
Qg6 {[%clk 0:03:42]} 36. Rde1 {[%clk 0:08:27]} Qf7 {[%clk 0:00:58]} 37. Qd2
{[%clk 0:07:15]} Qc7 {[%clk 0:01:03]} 38. Kg1 {[%clk 0:07:14]} Qd6 {[%clk
0:00:38]} 39. Kf1 {[%clk 0:06:20]} f5 {[%clk 0:00:35]} 40. gxf5 {[%clk 0:05:06]}
Rxf5 {[%clk 0:01:01]} 41. Nh4 {[%clk 0:04:52]} Rf6 {[%clk 0:01:14]} 42. Re5
{[%clk 0:04:15]} Nf4 {[%clk 0:00:48]} 43. Rxb5 {[%clk 0:00:56]} Qc6 {[%clk
0:00:40]} 44. Rg5 {[%clk 0:00:56]} Qh1+ {[%clk 0:01:01]} 45. Rg1 {[%clk 0:01:23]}
Qxh3+ {[%clk 0:01:19]} 46. Ng2 {[%clk 0:01:42]} Nd3 {[%clk 0:01:01]} 47. Re2
{[%clk 0:01:29]} Ref8 {[%clk 0:01:17]} 48. b5 {[%clk 0:00:49]} Nxf2 {[%clk
0:00:55]} 49. Rxf2 {[%clk 0:01:03]} Rxf2+ {[%clk 0:01:23]} 50. Qxf2 {[%clk
0:01:26]} Rxf2+ {[%clk 0:01:50]} 51. Kxf2 {[%clk 0:01:51]} Qxc3 {[%clk 0:02:15]}
52. Ne3 {[%clk 0:01:59]} Qb2+ {[%clk 0:02:27]} 0-1

[Event "U14 Polish Youth Championship"]
[Site "chess24.com"]
[Date "2018.04.30"]
[Round "2"]
[White "Kacprzak, Karol"]
[Black "Oglaza, Oskar"]
[Result "0-1"]
[Board "1"]
[WhiteElo "1794"]
[WhiteCountry "POL"]
[WhiteFideId "21819327"]
[WhiteEloChange "-2"]
[BlackElo "2237"]
[BlackCountry "POL"]
[BlackFideId "1194402"]
[BlackEloChange "2"]

1. e4 {[%clk 1:30:55]} c5 {[%clk 1:30:53]} 2. Nf3 {[%clk 1:31:15]} d6 {[%clk
1:31:11]} 3. d4 {[%clk 1:31:33]} cxd4 {[%clk 1:31:30]} 4. Nxd4 {[%clk 1:31:57]}
Nf6 {[%clk 1:31:53]} 5. Nc3 {[%clk 1:32:17]} a6 {[%clk 1:32:18]} 6. Be3 {[%clk
1:31:35]} e6 {[%clk 1:32:40]} 7. g4 {[%clk 1:28:27]} e5 {[%clk 1:33:03]} 8. Nf5
{[%clk 1:28:51]} g6 {[%clk 1:33:07]} 9. g5 {[%clk 1:28:28]} gxf5 {[%clk 1:33:29]}
10. exf5 {[%clk 1:28:37]} d5 {[%clk 1:33:15]} 11. Qf3 {[%clk 1:25:41]} d4 {[%clk
1:31:11]} 12. O-O-O {[%clk 1:25:28]} Nbd7 {[%clk 1:30:55]} 13. Bc4 {[%clk
1:20:58]} Qc7 {[%clk 0:47:22]} 14. Bxd4 {[%clk 1:05:21]} exd4 {[%clk 0:37:54]}
15. Rhe1+ {[%clk 1:00:00]} Be7 {[%clk 0:35:59]} 16. Rxd4 {[%clk 0:33:02]} Kf8
{[%clk 0:15:38]} 17. Qe3 {[%clk 0:24:24]} Qe5 {[%clk 0:04:57]} 18. Qxe5 {[%clk
0:14:13]} Nxe5 {[%clk 0:05:20]} 19. Rxe5 {[%clk 0:14:36]} Nd7 {[%clk 0:05:46]}
20. Re2 {[%clk 0:14:52]} Bxg5+ {[%clk 0:06:07]} 21. f4 {[%clk 0:15:07]} Bd8
{[%clk 0:04:50]} 22. Red2 {[%clk 0:13:26]} b5 {[%clk 0:03:31]} 23. Bd5 {[%clk
0:13:10]} Ra7 {[%clk 0:03:37]} 24. Bc6 {[%clk 0:11:19]} Bb6 {[%clk 0:03:51]} 25.
R4d3 {[%clk 0:08:16]} Nf6 {[%clk 0:03:37]} 26. Rd6 {[%clk 0:06:12]} Be3 {[%clk
0:02:49]} 27. Rxf6 {[%clk 0:06:24]} Bxd2+ {[%clk 0:02:57]} 28. Kxd2 {[%clk
0:06:46]} Kg7 {[%clk 0:03:25]} 29. Rd6 {[%clk 0:06:07]} Bxf5 {[%clk 0:03:39]} 30.
Nd5 {[%clk 0:05:18]} Be4 {[%clk 0:02:36]} 31. Nf6 {[%clk 0:03:34]} Bxc6 {[%clk
0:02:51]} 32. Nh5+ {[%clk 0:03:59]} Kf8 {[%clk 0:03:18]} 33. Rxc6 {[%clk
0:04:23]} Ke7 {[%clk 0:03:44]} 34. Kc3 {[%clk 0:03:59]} Kd7 {[%clk 0:02:34]} 35.
Rf6 {[%clk 0:03:49]} Rc8+ {[%clk 0:01:53]} 36. Kb3 {[%clk 0:03:31]} Ke7 {[%clk
0:02:12]} 37. Rh6 {[%clk 0:03:15]} a5 {[%clk 0:01:50]} 38. c3 {[%clk 0:02:40]} b4
{[%clk 0:01:53]} 39. c4 {[%clk 0:02:43]} Rd7 {[%clk 0:01:43]} 40. Ng3 {[%clk
0:02:05]} Rc5 {[%clk 0:00:51]} 41. Ne4 {[%clk 0:01:28]} Rf5 {[%clk 0:01:09]} 42.
Rxh7 {[%clk 0:01:06]} Rxf4 {[%clk 0:01:27]} 43. Nc5 {[%clk 0:01:28]} Rdd4 {[%clk
0:01:38]} 44. Nb7 {[%clk 0:01:29]} Rxc4 {[%clk 0:01:01]} 45. Nxa5 {[%clk
0:01:51]} Rc5 {[%clk 0:01:23]} 46. Nb7 {[%clk 0:00:59]} Rb5 {[%clk 0:01:48]} 47.
Rxf7+ {[%clk 0:01:06]} Rxf7 {[%clk 0:02:11]} 48. Na5 {[%clk 0:01:24]} Rf4 {[%clk
0:02:11]} 49. Nb7 {[%clk 0:01:24]} 0-1

[Event "U14 Polish Youth Championship"]
[Site "chess24.com"]
[Date "2018.04.30"]
[Round "2"]
[White "Czopor, Maciej"]
[Black "Cwiek, Ryszard"]
[Result "1-0"]
[Board "2"]
[WhiteElo "2153"]
[WhiteCountry "POL"]
[WhiteFideId "21805431"]
[WhiteEloChange "2"]
[BlackElo "1809"]
[BlackCountry "POL"]
[BlackFideId "21840920"]
[BlackEloChange "-2"]

1. e4 {[%clk 1:30:57]} Nc6 {[%clk 1:30:37]} 2. Nf3 {[%clk 1:31:23]} d6 {[%clk
1:30:36]} 3. d4 {[%clk 1:31:45]} g6 {[%clk 1:30:11]} 4. Be2 {[%clk 1:30:12]} Bg7
{[%clk 1:29:21]} 5. h3 {[%clk 1:29:44]} e6 {[%clk 1:26:53]} 6. Bg5 {[%clk
1:27:28]} Nge7 {[%clk 1:25:55]} 7. Qd2 {[%clk 1:26:52]} h6 {[%clk 1:24:59]} 8.
Be3 {[%clk 1:27:04]} e5 {[%clk 1:23:18]} 9. Nc3 {[%clk 1:19:27]} exd4 {[%clk
1:20:45]} 10. Nxd4 {[%clk 1:19:50]} Bd7 {[%clk 1:18:03]} 11. O-O-O {[%clk
1:18:56]} Nxd4 {[%clk 1:09:38]} 12. Bxd4 {[%clk 1:19:15]} O-O {[%clk 1:08:09]}
13. Bxg7 {[%clk 1:16:37]} Kxg7 {[%clk 1:08:36]} 14. h4 {[%clk 1:14:48]} Nc6
{[%clk 1:03:47]} 15. f4 {[%clk 1:12:36]} f6 {[%clk 0:55:43]} 16. g4 {[%clk
1:10:51]} Kh7 {[%clk 0:51:57]} 17. Rdg1 {[%clk 1:08:58]} Ne7 {[%clk 0:48:35]} 18.
Rh2 {[%clk 1:01:23]} Be8 {[%clk 0:43:49]} 19. Bd3 {[%clk 0:59:07]} Bf7 {[%clk
0:40:04]} 20. h5 {[%clk 0:57:50]} Kg7 {[%clk 0:37:17]} 21. hxg6 {[%clk 0:57:24]}
Bxg6 {[%clk 0:36:02]} 22. f5 {[%clk 0:57:42]} Rh8 {[%clk 0:35:19]} 23. fxg6
{[%clk 0:58:05]} Qd7 {[%clk 0:31:30]} 24. Nd5 {[%clk 0:56:10]} Nxd5 {[%clk
0:28:15]} 25. exd5 {[%clk 0:56:32]} h5 {[%clk 0:28:21]} 26. g5 {[%clk 0:56:23]}
Raf8 {[%clk 0:26:37]} 27. Qc3 {[%clk 0:56:28]} Qe7 {[%clk 0:26:01]} 28. Re2
{[%clk 0:56:41]} Qd8 {[%clk 0:26:16]} 29. Re6 {[%clk 0:56:17]} h4 {[%clk
0:26:03]} 30. Rf1 {[%clk 0:56:33]} h3 {[%clk 0:26:08]} 31. gxf6+ {[%clk 0:56:55]}
Kg8 {[%clk 0:26:28]} 32. f7+ {[%clk 0:57:17]} Rxf7 {[%clk 0:26:53]} 33. gxf7+
{[%clk 0:57:41]} Kf8 {[%clk 0:27:18]} 34. Qxh8# {[%clk 0:58:05]} 1-0

[Event "U14 Polish Youth Championship"]
[Site "chess24.com"]
[Date "2018.04.30"]
[Round "2"]
[White "Baum, Jonasz"]
[Black "Czechowski, Jakub"]
[Result "1-0"]
[Board "3"]
[WhiteElo "2121"]
[WhiteCountry "POL"]
[WhiteFideId "1195360"]
[WhiteEloChange "2"]
[BlackElo "1770"]
[BlackCountry "POL"]
[BlackFideId "21820511"]
[BlackEloChange "-2"]

1. e4 {[%clk 1:30:59]} e5 {[%clk 1:30:57]} 2. Nf3 {[%clk 1:31:25]} Nc6 {[%clk
1:31:23]} 3. d4 {[%clk 1:31:51]} exd4 {[%clk 1:31:34]} 4. Nxd4 {[%clk 1:32:18]}
Nf6 {[%clk 1:31:49]} 5. Nxc6 {[%clk 1:32:43]} bxc6 {[%clk 1:32:11]} 6. e5 {[%clk
1:33:07]} Qe7 {[%clk 1:32:03]} 7. Qe2 {[%clk 1:33:35]} Nd5 {[%clk 1:32:21]} 8. c4
{[%clk 1:34:01]} Ba6 {[%clk 1:32:39]} 9. b3 {[%clk 1:34:27]} g6 {[%clk 1:25:24]}
10. g3 {[%clk 1:34:55]} Bg7 {[%clk 1:25:39]} 11. Bb2 {[%clk 1:35:12]} O-O {[%clk
1:23:39]} 12. Bg2 {[%clk 1:35:29]} Rae8 {[%clk 1:21:57]} 13. O-O {[%clk 1:35:55]}
Bxe5 {[%clk 1:15:33]} 14. Qxe5 {[%clk 1:36:21]} Qxe5 {[%clk 1:15:57]} 15. Bxe5
{[%clk 1:36:48]} Rxe5 {[%clk 1:16:23]} 16. cxd5 {[%clk 1:37:14]} Bxf1 {[%clk
1:16:51]} 17. Kxf1 {[%clk 1:37:38]} cxd5 {[%clk 1:17:11]} 18. Nc3 {[%clk
1:38:06]} c6 {[%clk 1:17:26]} 19. Rd1 {[%clk 1:38:32]} Rfe8 {[%clk 1:17:19]} 20.
Bf3 {[%clk 1:37:23]} Kf8 {[%clk 1:14:49]} 21. Na4 {[%clk 1:36:05]} Ke7 {[%clk
1:12:41]} 22. Nc5 {[%clk 1:36:12]} Kd6 {[%clk 1:11:56]} 23. Nd3 {[%clk 1:36:38]}
R5e7 {[%clk 1:11:55]} 24. Rc1 {[%clk 1:34:43]} Rb8 {[%clk 1:10:25]} 25. Rc5
{[%clk 1:33:36]} Rb7 {[%clk 1:06:56]} 26. Ra5 {[%clk 1:33:07]} Re8 {[%clk
1:05:45]} 27. Be2 {[%clk 1:31:13]} Ke7 {[%clk 1:01:15]} 28. Ke1 {[%clk 1:30:16]}
d6 {[%clk 1:00:49]} 29. Bf3 {[%clk 1:30:05]} Kd8+ {[%clk 1:00:42]} 30. Kd2 {[%clk
1:26:48]} Kc7 {[%clk 1:00:31]} 31. Ra6 {[%clk 1:23:52]} Ra8 {[%clk 0:59:21]} 32.
Nf4 {[%clk 1:19:42]} Rb5 {[%clk 0:56:56]} 33. Be2 {[%clk 1:15:39]} Rb6 {[%clk
0:57:08]} 34. Ra5 {[%clk 1:15:26]} Rbb8 {[%clk 0:56:05]} 35. Bf3 {[%clk 1:15:01]}
Kb6 {[%clk 0:54:41]} 36. Ra4 {[%clk 1:14:00]} Re8 {[%clk 0:54:12]} 37. h4 {[%clk
1:10:12]} Re5 {[%clk 0:51:16]} 38. Nd3 {[%clk 1:10:23]} Rf5 {[%clk 0:51:18]} 39.
Bg4 {[%clk 1:10:21]} Rf6 {[%clk 0:51:09]} 40. f4 {[%clk 1:03:24]} h6 {[%clk
0:49:53]} 41. Rb4+ {[%clk 0:51:51]} Kc7 {[%clk 0:49:59]} 42. h5 {[%clk 0:46:51]}
Rg8 {[%clk 0:48:53]} 43. Ra4 {[%clk 0:38:15]} Kb7 {[%clk 0:48:11]} 44. Nb4 {[%clk
0:30:03]} gxh5 {[%clk 0:47:00]} 45. Bd7 {[%clk 0:29:55]} Rxg3 {[%clk 0:42:13]}
46. Bxc6+ {[%clk 0:30:11]} Kc8 {[%clk 0:42:19]} 47. Nxd5 {[%clk 0:30:23]} Rfg6
{[%clk 0:39:02]} 48. Rxa7 {[%clk 0:30:22]} 1-0

[Event "U14 Polish Youth Championship"]
[Site "chess24.com"]
[Date "2018.04.30"]
[Round "2"]
[White "Wolaniecki, Patryk"]
[Black "Fiedorek, Michal"]
[Result "0-1"]
[Board "4"]
[WhiteElo "1762"]
[WhiteCountry "POL"]
[WhiteFideId "1193783"]
[WhiteEloChange "-3"]
[BlackElo "2081"]
[BlackCountry "POL"]
[BlackFideId "1199528"]
[BlackEloChange "3"]

1. e4 {[%clk 1:30:58]} c5 {[%clk 1:30:55]} 2. Nf3 {[%clk 1:31:25]} Nc6 {[%clk
1:31:17]} 3. d4 {[%clk 1:31:51]} cxd4 {[%clk 1:31:41]} 4. Nxd4 {[%clk 1:32:19]}
Nf6 {[%clk 1:31:46]} 5. Nc3 {[%clk 1:32:44]} d6 {[%clk 1:32:06]} 6. Be3 {[%clk
1:32:52]} Ng4 {[%clk 1:32:17]} 7. Bc1 {[%clk 1:33:05]} Qb6 {[%clk 1:32:14]} 8.
Bb5 {[%clk 1:28:57]} e5 {[%clk 1:15:31]} 9. Nd5 {[%clk 1:26:21]} Qxd4 {[%clk
1:14:52]} 10. Qxd4 {[%clk 1:22:35]} exd4 {[%clk 1:15:02]} 11. Nc7+ {[%clk
1:22:59]} Kd8 {[%clk 1:13:24]} 12. Nxa8 {[%clk 1:23:22]} Nb4 {[%clk 1:05:18]} 13.
Bd3 {[%clk 1:17:28]} Ne5 {[%clk 1:01:15]} 14. Ke2 {[%clk 1:15:17]} Bd7 {[%clk
0:45:50]} 15. Bd2 {[%clk 1:07:23]} d5 {[%clk 0:33:43]} 16. Bf4 {[%clk 1:01:04]}
Bd6 {[%clk 0:27:35]} 17. Rhd1 {[%clk 0:50:13]} Ke7 {[%clk 0:25:44]} 18. Bg3
{[%clk 0:32:36]} Nbxd3 {[%clk 0:21:58]} 19. cxd3 {[%clk 0:33:01]} dxe4 {[%clk
0:22:11]} 20. Bxe5 {[%clk 0:27:19]} Bxe5 {[%clk 0:20:49]} 21. dxe4 {[%clk
0:26:23]} Bb5+ {[%clk 0:20:29]} 22. Ke1 {[%clk 0:21:32]} Rxa8 {[%clk 0:20:23]}
23. Rac1 {[%clk 0:19:31]} Bc6 {[%clk 0:17:49]} 24. f3 {[%clk 0:18:42]} Rd8 {[%clk
0:17:24]} 25. g3 {[%clk 0:11:32]} d3 {[%clk 0:15:04]} 26. b3 {[%clk 0:07:07]} g5
{[%clk 0:13:38]} 27. a4 {[%clk 0:04:57]} f5 {[%clk 0:10:13]} 28. Kd2 {[%clk
0:02:54]} fxe4 {[%clk 0:07:55]} 29. fxe4 {[%clk 0:03:13]} g4 {[%clk 0:06:59]} 30.
Rc4 {[%clk 0:01:38]} Bg7 {[%clk 0:06:32]} 31. Rf1 {[%clk 0:00:45]} Bh6+ {[%clk
0:06:33]} 32. Kd1 {[%clk 0:01:14]} d2 {[%clk 0:05:50]} 33. Kc2 {[%clk 0:00:44]}
Rf8 {[%clk 0:05:21]} 34. Rxf8 {[%clk 0:00:50]} Kxf8 {[%clk 0:05:45]} 35. Kd1
{[%clk 0:00:34]} Kf7 {[%clk 0:05:05]} 36. Ke2 {[%clk 0:00:59]} Ke6 {[%clk
0:05:19]} 37. h3 {[%clk 0:00:31]} gxh3 {[%clk 0:05:29]} 38. e5 {[%clk 0:00:50]}
h2 {[%clk 0:05:43]} 0-1

[Event "U14 Polish Youth Championship"]
[Site "chess24.com"]
[Date "2018.04.30"]
[Round "2"]
[White "Czernek, Tymon"]
[Black "Kania, Dominik"]
[Result "1-0"]
[Board "5"]
[WhiteElo "2057"]
[WhiteCountry "POL"]
[WhiteFideId "1199510"]
[WhiteEloChange "3"]
[BlackElo "1758"]
[BlackCountry "POL"]
[BlackFideId "21845204"]
[BlackEloChange "-3"]

1. Nf3 {[%clk 1:30:30]} d6 {[%clk 1:30:23]} 2. g3 {[%clk 1:30:54]} g6 {[%clk
1:30:32]} 3. Bg2 {[%clk 1:31:09]} Bg7 {[%clk 1:30:52]} 4. c4 {[%clk 1:31:23]} e5
{[%clk 1:30:15]} 5. d3 {[%clk 1:31:43]} Nc6 {[%clk 1:29:43]} 6. O-O {[%clk
1:31:27]} f5 {[%clk 1:24:32]} 7. Nc3 {[%clk 1:29:42]} Nf6 {[%clk 1:24:15]} 8. Bg5
{[%clk 1:27:06]} Be6 {[%clk 1:19:53]} 9. Qc1 {[%clk 1:18:31]} h6 {[%clk 1:10:39]}
10. Bd2 {[%clk 1:18:56]} Qd7 {[%clk 0:59:17]} 11. Rb1 {[%clk 1:17:10]} f4 {[%clk
0:39:06]} 12. b4 {[%clk 1:08:27]} g5 {[%clk 0:37:30]} 13. b5 {[%clk 1:04:50]} Nd8
{[%clk 0:37:03]} 14. c5 {[%clk 1:04:54]} O-O {[%clk 0:31:25]} 15. cxd6 {[%clk
0:59:48]} cxd6 {[%clk 0:31:39]} 16. Kh1 {[%clk 0:56:48]} Bh3 {[%clk 0:26:28]} 17.
Rg1 {[%clk 0:55:06]} Bxg2+ {[%clk 0:18:47]} 18. Rxg2 {[%clk 0:55:26]} Qh3 {[%clk
0:12:16]} 19. gxf4 {[%clk 0:50:28]} exf4 {[%clk 0:09:50]} 20. Qf1 {[%clk
0:47:14]} Ne6 {[%clk 0:07:14]} 21. Ne4 {[%clk 0:40:36]} Nxe4 {[%clk 0:05:52]} 22.
dxe4 {[%clk 0:41:01]} g4 {[%clk 0:04:50]} 23. Rb3 {[%clk 0:35:22]} Qh5 {[%clk
0:04:52]} 24. Ng1 {[%clk 0:35:09]} Nd4 {[%clk 0:03:41]} 25. Rd3 {[%clk 0:34:34]}
Rae8 {[%clk 0:01:51]} 26. Bc3 {[%clk 0:31:44]} Nxb5 {[%clk 0:00:50]} 27. Rd5
{[%clk 0:31:43]} Re5 {[%clk 0:00:53]} 28. Bxe5 {[%clk 0:32:02]} Bxe5 {[%clk
0:01:07]} 29. Rxb5 {[%clk 0:32:00]} Kh8 {[%clk 0:01:25]} 30. f3 {[%clk 0:30:44]}
g3 {[%clk 0:01:49]} 31. h3 {[%clk 0:31:03]} Qf7 {[%clk 0:01:09]} 32. Qb1 {[%clk
0:30:39]} b6 {[%clk 0:01:23]} 33. e3 {[%clk 0:29:37]} fxe3 {[%clk 0:01:42]} 34.
Rxe5 {[%clk 0:29:03]} dxe5 {[%clk 0:02:01]} 35. Rxg3 {[%clk 0:29:03]} Qh5 {[%clk
0:01:37]} 36. Qe1 {[%clk 0:28:39]} Rd8 {[%clk 0:01:02]} 37. Qxe3 {[%clk 0:28:52]}
Rd1 {[%clk 0:01:21]} 38. Qb3 {[%clk 0:29:17]} Rd8 {[%clk 0:01:35]} 39. Qe6 {[%clk
0:29:25]} Re8 {[%clk 0:01:48]} 40. Qf6+ {[%clk 0:29:44]} Kh7 {[%clk 0:01:48]} 41.
Qg7# {[%clk 0:30:09]} 1-0